Quizzes
Events
Quiz Creation
Community
Videos
Private Events
Remove Ads
Sign In
Join for FREE
Feedback
Dark Mode
Quiz Categories
Sports
Geography
Music
Movies
Television
Just For Fun
Miscellaneous
History
Literature
Language
Science
Gaming
Entertainment
Religion
Holiday
For Kids
Quiz Lab
Recent
Popular Today
Quiz Kudos Today
Editor Picks
Curator Picks
Quizzes by...
Day
Popularity
Type
Ratings
Length
Year
Community
Subscriptions
Recent Discussions
Orange Saloon
Badges
Playlists
Quests
Create
Leaderboards
Showdown
Live 5
Trivia Bingo
Activity
Puzzle Library
Sporcle Events
Private Events
Virtual Trivia
Globe League
Become a Host
Pub Owners
SporcleCon
Opinionation
Our Games
Videos
Blog
Mobile Apps
Partnerships
Remove Ads and Go Orange
Feedback
Sports
Athletes
MLB
NBA
NHL
NFL
Soccer
Sports Teams
WWE
NCAA
Football
Premier League
Basketball
Baseball
Hockey
Golf
Tennis
Cricket
Rugby
Auto Racing
Olympics
World Cup
Sports
Athletes
MLB
NBA
NHL
NFL
Soccer
Sports Teams
WWE
NCAA
Football
Premier League
Basketball
Baseball
Hockey
Golf
Tennis
Cricket
Rugby
Auto Racing
Olympics
World Cup
Random Quiz
Search Sporcle
×
Quiz Lab
Quiz Lab
Sports
Scottish Premier
Type in answers that appear in a list
Type in answers that appear in a list
Classic
Best Score? Go Orange.
Scored in a Scottish Cup Semi Final since 2000 Stats
Can you name the players that scored in a Scottish Cup Semi Final since 2000 (own goals not included)?
By
SporcleEXP
10m
119 Questions
150 Plays
150 Plays
150 Plays
Comments
Comments
Give Quiz Kudos
Give Quiz Kudos
-
- Ratings
hide this ad
Replay
Link that replays current quiz
Next Quiz
Link to next quiz in quiz playlist
You Got
0%
They Got
Avg Score
34%
Avg Friend Score
Upgrade to see
Score Distribution
Jump to the score distribution portion of the page
Score
0/119
Timer
10:00
0
Plays Today
Year
Goalscorer
% Correct
2001
Henrik Larsson
84.7%
2001
Henrik Larsson
84.7%
2002
Henrik Larsson
84.7%
2004
Henrik Larsson
84.7%
2009
Kenny Miller
84.7%
2016
Kenny Miller
84.7%
2004
Chris Sutton
78.7%
2004
Chris Sutton
78.7%
2005
Chris Sutton
78.7%
2011
John Sutton
78%
2012
Leigh Griffiths
76%
2013
Leigh Griffiths
76%
2013
Leigh Griffiths
76%
2013
Anthony Stokes
65.3%
2002
Barry Ferguson
64.7%
2009
Kris Boyd
64.7%
2012
Gary Hooper
62%
2016
Barrie McKay
62%
2013
Gary Mackay-Steven
59.3%
2014
Gary Mackay-Steven
59.3%
2016
Tom Rogic
59.3%
2014
Stuart Armstrong
57.3%
2002
Alan Thompson
56.7%
2002
Alan Thompson
56.7%
2008
Nacho Novo
54%
2014
Stevie May
54%
2014
Stevie May
54%
2012
Rudi Skacel
53.3%
2011
Kris Commons
51.3%
2013
Kris Commons
51.3%
2013
Kris Commons
51.3%
2006
Paul Hartley
50.7%
2006
Paul Hartley
50.7%
2006
Paul Hartley
50.7%
2000
Billy Dodds
48%
2000
Billy Dodds
48%
2000
Billy Dodds
48%
2008
Sean O'Connor
48%
2012
Garry O'Connor
48%
2003
Michael Mols
46.7%
Year
Goalscorer
% Correct
2014
Steven Smith
46%
2000
Rod Wallace
44.7%
2005
Derek Riordan
44%
2014
Niall McGinn
44%
2010
David Goodwillie
41.3%
2011
Shaun Maloney
40%
2014
Nadir Ciftci
38%
2003
Lorenzo Amoruso
36.7%
2016
Erik Sviatchenko
35.3%
2006
Kenny Deuchar
34.7%
2011
Joe Ledley
34%
2012
Craig Beattie
33.3%
2003
James McFadden
32.7%
2013
Jon Daly
32.7%
2013
Jon Daly
32.7%
2007
Jan Vennegoor of Hesselink
32%
2007
Jan Vennegoor of Hesselink
32%
2011
Charlie Mulgrew
30.7%
2004
Craig Brewster
28.7%
2004
Craig Brewster
28.7%
2015
David Raven
28.7%
2013
Craig Sibbald
26.7%
2015
Craig Sibbald
26.7%
2015
Virgil van Dijk
25.3%
2008
Steve Tosh
24%
2001
Jackie McNamara
23.3%
2013
Victor Wanyama
23.3%
2015
John Guidetti
22.7%
2005
Jim McIntyre
22%
2007
Jim McIntyre
22%
2000
Andrei Kanchelskis
21.3%
2005
Craig Bellamy
21.3%
2015
Edward Ofere
21.3%
2003
Steven Craig
20.7%
2010
Steven Craig
20.7%
2004
Barry Nicholson
20%
2008
John Stewart
20%
2008
Barry Nicholson
20%
2013
Alex Harris
20%
2013
Eoin Doyle
20%
Year
Goalscorer
% Correct
2013
Blair Alston
20%
2015
Greg Tansey
20%
2008
Andrew Considine
19.3%
2008
Andrew Considine
19.3%
2003
Bert Konterman
16.7%
2010
Martin Scott
16%
2000
Russell Latapy
15.3%
2012
Rory Fallon
14%
2013
Jay Fulton
13.3%
2004
David Bingham
12.7%
2005
Jason Scotland
12.7%
2000
Arild Stavrum
12%
2004
Darren Young
12%
2010
Andy Webster
12%
2001
John O'Neil
10.7%
2001
John O'Neil
10.7%
2006
Edgaras Jankauskas
10.7%
2001
Derek Lilley
10%
2011
Jamie Murphy
10%
2000
Andy Dow
9.3%
2006
Ryan McGuffie
9.3%
2008
Paul Burns
9.3%
2009
Scott Arfield
9.3%
2003
Derek Adams
8.7%
2001
David Zitelli
7.3%
2009
Tam Scobbie
7.3%
2011
Stephen Craigan
6.7%
2000
Sebastian Rozental
5.3%
2000
Sebastian Rozental
5.3%
2003
Georgi Nemsadze
4.7%
2004
Paul Ritchie
4.7%
2004
Paul Ritchie
4.7%
2007
Martin Hardie
4%
2002
Christian Nerlinger
2.7%
2002
Christian Nerlinger
2.7%
2005
Deividas Cesnauskis
2.7%
2004
Colin McMenamin
2%
2009
Andrius Velicka
1.3%
2008
Daniel McBreen
0.7%
Quiz Playlist
Details
Report
Send in Message
Add To Playlist
Classic:
Type in answers that appear in a list
Last Updated: Feb 16, 2017
Quiz Scoreboard
CHALLENGE
Sign Up to Join the Scoreboard
Show All
Scores
Hide
Comments
May contain spoilers
Recently Published
Presidents Visiting Landmarks
by Hejman
History
7m
An Introduction to Baseball
by treessimontrees
Sports
5m
Movies - When Are They Set?
by FPL_Elf
Movies
5m
More to Explore
Quiz From the Vault
Featured Blog Post
Where Did the Easter Bunny Come From?
hide this ad
You Might Also Like...
Tags
Goal Scorers
Goals Scored
Scottish Clubs
Scottish Football
Scottish League
Scottish Premier
Scottish Soccer
Scottish Teams
Today's Top Quizzes in Sports
Browse Sports
hide this ad
Today's Top Quizzes in Scottish Premier
Browse Scottish Premier
Top Contributed Quizzes in Sports
1
Les meilleurs buteurs des matchs entre le PSG et l’OM
2
2022 World Cup Stars
3
FIFA Club World Cup Champions
4
Les entraîneurs de l'OM et du PSG au 21e siècle
5
Name the Premier League winners with different clubs
6
5-to-1: UK Sports Teams
7
La finale Lions - Afrique du Sud 2021
8
Criteria MLB: Left Handed Sluggers
9
AFC Teams Reveal (Wrong Answers Minefield)
10
England Test cricketers to play under Nasser Hussain
Explore More
Trending Topics
Disney
Kpop
Anime
Marvel
Crossword
Harry Potter
NBA
Puzzle
Song
NFL
The Office
Country
WWE
Soccer
Pokémon
hide this ad
More By:
SporcleEXP
Quiz
Plays
Rating
Category
Featured
Created
Harry Potter Deaths in Order Minefield
3,068,219
4.18
Literature
Jan 27, 2016
Sins, Dwarfs, and Spice Girls
847,263
4.42
Just For Fun
Apr 11, 2012
Ancient History Bunker
708,096
4.28
History
Jan 20, 2014
Movie Posters VI
679,000
4.37
Movies
Nov 12, 2010
Movie Posters VII
621,825
4.44
Movies
Apr 16, 2011
Go to Creator's Profile
Score Distribution
Quiz Creator Spotlight
SporcleEXP
Follow
Send a Message
Quizzes Created
-
Created Quiz Play Count
-
More By This Creator
Popular Quizzes Today
1
Find the US States - No Outlines Minefield
2
Find the Countries of Europe - No Outlines Minefield
3
The Countries of the World
4
Find the US States
5
Popular People in 1961
6
US States
7
Risky Map Clicking: Biggest States A-Z
8
Movies - When Are They Set?
More Sports Quizzes
Quick Pick: Stanley Cup Winners - 1950's
Quiz Lab
Trending Quizzes
Risky Map Clicking: Least Populous States A-Z
1-10 Letter G Words
1-10 Letter F Words
Risky Map Clicking: Next State Alphabetically
Risky Map Clicking: Biggest States A-Z
Recently Updated
Leaping Animals
pecheneg
Reality TV Shows (A-Z)
bhenderson79
Rickey Henderson's Hall of Fame Teammates
pecheneg
Champions League XIs: Arsenal
pecheneg
Quick Pick: Celebrities in WWE's Hall of Fame
aduchscher
A-Z Keypad Blitz II
pecheneg
Multiple Oscar Actors
pecheneg
Mystery Phrase Blitz: Oscar 'Best Actors'
pecheneg
F. Scott Fitzgerald Novels
LTH
Pick 3 Villains
ddd62291
Trending Topics
NBA
Anime
Disney
Harry Potter
Kpop
Marvel
Crossword
Song
Puzzle
WWE
NFL
The Office
Soccer
Pokémon
Country
Your Account Isn't Verified!
In order to create a playlist on Sporcle, you need to verify the email address you used during registration. Go to your
Sporcle Settings
to finish the process.
Report this User
Report this user for behavior that violates our
Community Guidelines
.
Details:
Send Report
Go to the Sporcle.com Mobile Site →
Comments